000
00265nam a2200109Ia 4500
008
200302s9999 xx 000 0 und d
100
_a
Author
245
_a
Social Spaces Vol 2
260
_b
The Images Publishing Group Pvt., Ltd.
260
_c
2003
300
_a
224 P.,
999
_c
5013
_d
5013